000 00552nam a22002051a 4500
001 3755
003 OSt
005 20260204211903.0
008 050207s1992||||sp ||||||b||||||||||spa||
020 _a8480040270
050 _aR 930 P276l
082 _aR930 P276l
110 _aPatronato Quinto Centenario
245 _aLos lugares colombinos y su entorno / Diego Ropero - Regidor
264 _aEspaña : Fundación Romanareces
300 _a301 p
650 _a1.Historia - Lugar Colombino
700 _aRopero - Regidor DiegoÌ
942 _2ddc
_cBK
999 _c3755
_d3755